El Centro de funcionarios de la Diputación Provincial /
Descripción Física:
Il·lustracions
Colección:
San Jorge,
; núm. 11 (juliol 1953), pàg 74-75
Idioma:
Español
MARC
| LEADER | 00000naa a2200000 a 4500 | ||
|---|---|---|---|
| 003 | Arxiu | ||
| 005 | 20260324181034.0 | ||
| 008 | 160829s1953 spcaxx s spa c | ||
| 040 | |a agdb | ||
| 100 | 1 | |a Hernández, Tomás, |d 1919-2013 |9 20277 | |
| 245 | 1 | 3 | |a El Centro de funcionarios de la Diputación Provincial / |c por Tomás Hernández |
| 300 | |b Il·lustracions | ||
| 490 | |a San Jorge, |v núm. 11 (juliol 1953), pàg 74-75 | ||
| 610 | 1 | 0 | |a Barcelona (Catalunya : Província). |b Diputació |x Funcionaris i empleats |9 54684 |
| 773 | |g Núm. 11 (juliol 1953), pàg 74-75 |t San Jorge. | ||
| 901 | |a Arxiu | ||
| 942 | |n 1 |2 udc |c ART | ||
| 952 | |0 0 |1 0 |4 0 |6 REV508 |7 1 |9 64407 |a Arxiu |b Arxiu |d 2022-11-28 |o Rev-508 |r 2022-11-28 00:00:00 |w 2022-11-28 |y ARXIU |z També disponible a Rev-522 | ||
| 999 | |c 48126 |d 48126 | ||